[Event "FRA-ch"]
[Site "?"]
[Date "1994.??.??"]
[Round "?"]
[White "Chomet, Pascal"]
[Black "Santo Roman, Marc"]
[Result "0-1"]
[WhiteElo "2355"]
[BlackElo "2420"]
[PlyCount "72"]
[EventDate "1994.08.??"]
[Source "ChessBase"]
[SourceDate "1996.11.15"]

1. e4 d5 2. Nc3 d4 3. Nce2 e5 4. Nf3 f6 5. Ng3 Be6 6. Nh4 g6 7. Be2 Bf7 8. O-O
c5 9. Bb5+ Nc6 10. d3 Qd7 11. c3 a6 12. Bxc6 Qxc6 13. cxd4 cxd4 14. f4 Bg7 15.
fxe5 fxe5 16. Nf3 h6 17. Bd2 Ne7 18. Nh1 O-O 19. Nf2 Be6 20. Bb4 Qd7 21. a4 Rf7
22. Qe2 Rc8 23. a5 g5 24. Bxe7 Qxe7 25. h3 Qd7 26. Nh1 Qb5 27. Ng3 Qb3 28. Rf2
g4 29. hxg4 Bxg4 30. Raf1 Qb4 31. Qe1 Qxe1 32. Rxe1 h5 33. Ref1 Bh6 34. Kh2 Be3
35. Re2 Bf4 36. Ra1 h4 0-1

[Event "FRA-ch"]
[Site "?"]
[Date "1994.??.??"]
[Round "?"]
[White "Chomet, Pascal"]
[Black "Seret, Jean Luc"]
[Result "1-0"]
[WhiteElo "2355"]
[BlackElo "2425"]
[PlyCount "79"]
[EventDate "1994.08.??"]
[Source "ChessBase"]
[SourceDate "1996.11.15"]

1. e4 g6 2. d4 c6 3. Nc3 d5 4. h3 Bg7 5. Nf3 Nh6 6. Bf4 f6 7. exd5 cxd5 8. Nb5
O-O 9. c4 Nc6 10. cxd5 Qxd5 11. Nc3 Qa5 12. Bc4+ Kh8 13. O-O Nf5 14. d5 Ne5 15.
Bxe5 fxe5 16. Re1 Qc5 17. Bb3 Nd4 18. Ne4 Qb6 19. Nfg5 a5 20. Bc4 Bf5 21. Qd2
Rad8 22. Qe3 Bh6 23. Qg3 Bxe4 24. Qxe5+ Qf6 25. Rxe4 Qxe5 26. Rxe5 Rc8 27. Bd3
Bxg5 28. Rxg5 Nc2 29. Rd1 Rc5 30. Re5 Nb4 31. Be4 Rf7 32. a3 Na6 33. Bf3 Kg7
34. Re3 Nc7 35. Rd2 Nb5 36. Rb3 Nd6 37. Kh2 b5 38. Rbd3 Rf5 39. Bg4 Re5 40. Be6
1-0

[Event "FRA-ch"]
[Site "?"]
[Date "1994.??.??"]
[Round "?"]
[White "Chomet, Pascal"]
[Black "Vareille, Francois"]
[Result "1/2-1/2"]
[WhiteElo "2355"]
[BlackElo "2430"]
[PlyCount "122"]
[EventDate "1994.08.??"]
[Source "ChessBase"]
[SourceDate "1996.11.15"]

1. e4 e6 2. c4 c5 3. Nc3 Nc6 4. g3 g6 5. Bg2 Bg7 6. Nge2 Nge7 7. a3 b6 8. Rb1
Bb7 9. b4 d6 10. O-O Qd7 11. d3 O-O 12. Be3 Nd4 13. Qd2 Rad8 14. Bh6 Bxh6 15.
Qxh6 Rc8 16. Nxd4 cxd4 17. Ne2 e5 18. Bh3 f5 19. f4 Qa4 20. fxe5 dxe5 21. Rbd1
Rf7 22. Qc1 a6 23. Rf2 Qc6 24. Qb2 Rcf8 25. b5 axb5 26. cxb5 Qd6 27. Qb3 Kg7
28. Rdf1 Rf6 29. Bg2 Qd7 30. Bh3 Nc8 31. a4 Nd6 32. Qb4 Qd8 33. exf5 Nxf5 34.
Bxf5 gxf5 35. Qc4 Qd7 36. Rc1 Rc8 37. Qb3 Rxc1+ 38. Nxc1 e4 39. dxe4 fxe4 40.
Rxf6 Kxf6 41. Ne2 Ke5 42. Qg8 d3 43. Qg5+ Kd6 44. Nc3 Qf7 45. Qe3 Kc7 46. Nxe4
Qd5 47. Qf4+ Kd8 48. Qf8+ Kc7 49. Qf4+ Kd8 50. Qf8+ Kc7 51. Qf4+ Kc8 52. Qf8+
Kc7 53. Qf4+ Kc8 54. Qf8+ Kc7 55. Qf4+ Kc8 56. Qf8+ Kc7 57. Qf4+ Kd8 58. Qf8+
Kc7 59. Qf4+ Kc8 60. Qf8+ Kc7 61. Qf4+ Kc8 1/2-1/2

[Event "FRA-ch"]
[Site "?"]
[Date "1994.??.??"]
[Round "?"]
[White "Hauchard, Arnaud"]
[Black "Bricard, Emmanuel"]
[Result "1/2-1/2"]
[WhiteElo "2470"]
[BlackElo "2455"]
[PlyCount "80"]
[EventDate "1994.08.??"]
[Source "ChessBase"]
[SourceDate "1996.11.15"]

1. d4 d5 2. c4 e6 3. Nc3 Nf6 4. Bg5 Be7 5. e3 O-O 6. Nf3 Nbd7 7. Bd3 dxc4 8.
Bxc4 c5 9. O-O a6 10. a4 cxd4 11. exd4 Nb6 12. Bb3 Bd7 13. Qe2 Bc6 14. Rfd1
Nbd5 15. Ne5 Re8 16. Rd3 Qb6 17. Qd1 Rad8 18. a5 Qc7 19. Rh3 Nxc3 20. bxc3 Be4
21. Bd2 Bd6 22. Nc4 Bf5 23. Nxd6 Qxd6 24. Re3 Rc8 25. h3 Red8 26. Qf3 Qc7 27.
Re5 Bg6 28. Rae1 Qc6 29. Qxc6 Rxc6 30. f3 Bd3 31. d5 exd5 32. Bxd5 Rc7 33. Bg5
Kf8 34. c4 Rdd7 35. Bd2 h6 36. Bb4+ Kg8 37. Re7 Rxe7 38. Rxe7 Rxe7 39. Bxe7
Nxd5 40. cxd5 f6 1/2-1/2

[Event "FRA-ch"]
[Site "?"]
[Date "1994.??.??"]
[Round "?"]
[White "Hauchard, Arnaud"]
[Black "Koch, Jean Rene"]
[Result "1/2-1/2"]
[WhiteElo "2470"]
[BlackElo "2475"]
[PlyCount "33"]
[EventDate "1994.08.??"]
[Source "ChessBase"]
[SourceDate "1996.11.15"]

1. d4 Nf6 2. Nf3 e6 3. c4 d5 4. g3 dxc4 5. Qa4+ Bd7 6. Qxc4 Nc6 7. Bg2 Na5 8.
Qc2 Rc8 9. Nc3 c5 10. O-O cxd4 11. Nxd4 Qb6 12. Nb3 Nc4 13. Nd2 Nxd2 14. Bxd2
Bc5 15. Qb3 Bc6 16. Qxb6 Bxb6 17. Rfd1 1/2-1/2

[Event "FRA-ch"]
[Site "?"]
[Date "1994.??.??"]
[Round "?"]
[White "Hauchard, Arnaud"]
[Black "Roos, Jean Luc"]
[Result "1-0"]
[WhiteElo "2470"]
[BlackElo "2405"]
[PlyCount "119"]
[EventDate "1994.08.??"]
[Source "ChessBase"]
[SourceDate "1996.11.15"]

1. d4 e6 2. Nf3 f5 3. d5 Bd6 4. dxe6 dxe6 5. e4 fxe4 6. Ng5 Bb4+ 7. c3 Qxd1+ 8.
Kxd1 Be7 9. Nxe4 Nf6 10. Bd3 Nc6 11. Nbd2 Bd7 12. Re1 Ne5 13. Bf1 Nf7 14. Kc2
O-O-O 15. f3 h6 16. b3 Rhe8 17. Bb2 e5 18. Bc4 Nxe4 19. Nxe4 Ng5 20. Nxg5 Bxg5
21. Bd3 Bc6 22. Rad1 Bf4 23. g3 Bg5 24. h4 Bf6 25. Bf5+ Kb8 26. Rxd8+ Rxd8 27.
Be4 Bxe4+ 28. Rxe4 Kc8 29. c4 Rf8 30. c5 Kd7 31. Kd3 Be7 32. Ke2 Bxc5 33. Bxe5
Rf7 34. Rg4 Bf8 35. Ke3 Ke8 36. Rc4 Bd6 37. Bxd6 cxd6 38. Rg4 Kd7 39. Rg6 Kc6
40. g4 Kd5 41. f4 Re7+ 42. Kd2 b6 43. h5 Rf7 44. Ke3 Re7+ 45. Kf3 Kc5 46. g5
hxg5 47. fxg5 d5 48. h6 gxh6 49. gxh6 Re1 50. Rg7 Rh1 51. Rh7 a5 52. Ke3 Rh3+
53. Kf4 Kb4 54. Ke5 Rh5+ 55. Kf6 d4 56. Kg6 Rh1 57. Rb7 b5 58. a4 d3 59. Rxb5+
Kc3 60. Rh5 1-0

[Event "FRA-ch"]
[Site "?"]
[Date "1994.??.??"]
[Round "?"]
[White "Hauchard, Arnaud"]
[Black "Roos, Louis"]
[Result "1/2-1/2"]
[WhiteElo "2470"]
[BlackElo "2440"]
[PlyCount "41"]
[EventDate "1994.08.??"]
[Source "ChessBase"]
[SourceDate "1996.11.15"]

1. d4 e6 2. Nf3 f5 3. d5 Nf6 4. dxe6 d5 5. c4 Bxe6 6. Nd4 Bf7 7. cxd5 Qxd5 8.
Nc3 Qd7 9. e3 a6 10. Bd3 g6 11. O-O Nc6 12. Qf3 Nd5 13. Nxc6 Qxc6 14. Rd1 O-O-O
15. Bd2 Nb4 16. Qxc6 Nxc6 17. Be2 Bg7 18. Na4 Rhe8 19. Bc3 Bxc3 20. Nxc3 Rxd1+
21. Rxd1 1/2-1/2

[Event "FRA-ch"]
[Site "?"]
[Date "1994.??.??"]
[Round "?"]
[White "Hauchard, Arnaud"]
[Black "Seret, Jean Luc"]
[Result "1/2-1/2"]
[WhiteElo "2470"]
[BlackElo "2425"]
[PlyCount "43"]
[EventDate "1994.08.??"]
[Source "ChessBase"]
[SourceDate "1996.11.15"]

1. c4 d6 2. d4 e5 3. Nc3 exd4 4. Qxd4 Nc6 5. Qd2 Nf6 6. g3 Be7 7. Bg2 O-O 8.
Nh3 Re8 9. Nf4 Bf8 10. Nfd5 Ne5 11. b3 Bh3 12. O-O Bxg2 13. Nxf6+ Qxf6 14. Kxg2
Re6 15. Nd5 Qd8 16. h3 Nd7 17. Bb2 Nc5 18. Rad1 Qd7 19. Nf4 Re7 20. Nd5 Re6 21.
Nf4 Re7 22. Nd5 1/2-1/2

[Event "FRA-ch"]
[Site "?"]
[Date "1994.??.??"]
[Round "?"]
[White "Koch, Jean Rene"]
[Black "Chabanon, Jean Luc"]
[Result "1/2-1/2"]
[WhiteElo "2475"]
[BlackElo "2475"]
[PlyCount "42"]
[EventDate "1994.08.??"]
[Source "ChessBase"]
[SourceDate "1996.11.15"]

1. e4 e5 2. Nf3 d6 3. d4 Nf6 4. Nc3 Nbd7 5. Bc4 Be7 6. O-O O-O 7. Re1 c6 8. a4
b6 9. d5 cxd5 10. Nxd5 Bb7 11. Bg5 Rc8 12. Bxf6 Nxf6 13. Nxf6+ Bxf6 14. Qd3 Rc5
15. Rad1 Qc7 16. Bb3 Rd8 17. c3 g6 18. Nd2 Bg5 19. Nf1 Bc6 20. Ne3 Bxe3 21.
Rxe3 Ra5 1/2-1/2

[Event "FRA-ch"]
[Site "?"]
[Date "1994.??.??"]
[Round "?"]
[White "Koch, Jean Rene"]
[Black "Prie, Eric"]
[Result "1/2-1/2"]
[WhiteElo "2475"]
[BlackElo "2475"]
[PlyCount "149"]
[EventDate "1994.08.??"]
[Source "ChessBase"]
[SourceDate "1996.11.15"]

1. e4 d5 2. exd5 Qxd5 3. Nc3 Qa5 4. d4 c6 5. Bc4 Bf5 6. Qe2 e6 7. g4 Bg6 8. Bd2
Bb4 9. O-O-O h5 10. d5 cxd5 11. Nxd5 Bxd2+ 12. Rxd2 Nc6 13. Nf4 Nge7 14. gxh5
Bxh5 15. Nxh5 Rxh5 16. Nf3 Qc5 17. h4 b5 18. Ng5 Qxg5 19. hxg5 Rxh1+ 20. Rd1
Rxd1+ 21. Kxd1 bxc4 22. Qxc4 Rd8+ 23. Kc1 Rd5 24. g6 fxg6 25. c3 a5 26. a3 Kd7
27. b4 axb4 28. axb4 Nf5 29. Kc2 Nd6 30. Qh4 Rf5 31. Kb3 g5 32. Qh8 Ne8 33. Qh5
Ne5 34. Qe2 Nd6 35. Qe3 Ke7 36. Qa7+ Nd7 37. Qe3 g4 38. Qd4 Ne5 39. Qa7+ Kf6
40. Qd4 Ndc4 41. b5 Rf3 42. b6 Rd3 43. Qf4+ Kg6 44. b7 Rd8 45. Qe4+ Kf7 46. Kb4
Rb8 47. Kc5 Kf8 48. Qh1 Kf7 49. Qe4 Kg8 50. Kb4 Kf8 51. Kc5 Ke7 52. Qh7 Kf6 53.
Qe4 Kg5 54. Kb4 Kf6 55. Kc5 Kf7 56. Kb4 Ke7 57. Kc5 Kd8 58. Qh7 Rxb7 59. Qg8+
Kc7 60. Qxg7+ Kb8 61. Qg8+ Ka7 62. Qxe6 Rb2 63. Qe7+ Ka6 64. Qe6+ Ka5 65. Qe8
Nb6 66. Qe6 Nbd7+ 67. Kd4 Re2 68. Qb3 Nf3+ 69. Kd5 Rd2+ 70. Kc6 Nde5+ 71. Kb7
Rd7+ 72. Kc8 Nd2 73. Qe6 Ndc4 74. Qxc4 Nxc4 75. Kxd7 1/2-1/2

[Event "FRA-ch"]
[Site "?"]
[Date "1994.??.??"]
[Round "?"]
[White "Koch, Jean Rene"]
[Black "Relange, Eloi"]
[Result "1/2-1/2"]
[WhiteElo "2475"]
[BlackElo "2445"]
[PlyCount "112"]
[EventDate "1994.08.??"]
[Source "ChessBase"]
[SourceDate "1996.11.15"]

1. e4 c5 2. Nf3 d6 3. d4 cxd4 4. Nxd4 Nf6 5. Nc3 Nc6 6. Bc4 e6 7. Be3 Be7 8.
Qe2 a6 9. O-O-O Qc7 10. Bb3 O-O 11. Rhg1 b5 12. g4 Nxd4 13. Bxd4 Nd7 14. g5 Nc5
15. Qh5 Bb7 16. Rg4 Nxb3+ 17. axb3 e5 18. Be3 Rac8 19. Rd2 g6 20. Qh6 f5 21.
gxf6 Bxf6 22. Bg5 Bg7 23. Qh4 Rf7 24. Qg3 h5 25. Rh4 Kh7 26. Nd5 Bxd5 27. exd5
Rf5 28. Be3 Qf7 29. Qg2 e4 30. Rxe4 Rxd5 31. Bd4 Bh6 32. f4 Rf5 33. Be3 Qxb3
34. Re7+ Rf7 35. Qb7 Rxc2+ 36. Rxc2 Qxe3+ 37. Rxe3 Rxb7 38. Rf3 Rf7 39. Kd1 Bg7
40. b3 g5 41. Rd3 Rxf4 42. Rxd6 Bf6 43. Rxa6 Kg6 44. Rb6 Rf5 45. b4 g4 46. Rc5
Rf2 47. Ke1 Rf4 48. Rbxb5 h4 49. Rc8 g3 50. hxg3 hxg3 51. Ke2 g2 52. Rg8+ Bg7
53. Rb7 Rf7 54. Rxf7 Kxf7 55. Rxg7+ Kxg7 56. Kf2 Kf6 1/2-1/2

[Event "FRA-ch"]
[Site "?"]
[Date "1994.??.??"]
[Round "?"]
[White "Koch, Jean Rene"]
[Black "Roos, Jean Luc"]
[Result "1-0"]
[WhiteElo "2475"]
[BlackElo "2405"]
[PlyCount "81"]
[EventDate "1994.08.??"]
[Source "ChessBase"]
[SourceDate "1996.11.15"]

1. e4 e6 2. d4 d5 3. Nc3 Bb4 4. e5 c5 5. a3 Bxc3+ 6. bxc3 Ne7 7. Qg4 Qc7 8. Bd3
cxd4 9. Ne2 dxc3 10. Qxg7 Rg8 11. Qxh7 Nbc6 12. Bf4 Bd7 13. Bg3 O-O-O 14. O-O
Nxe5 15. Rfe1 N7c6 16. Nxc3 Qa5 17. Nb5 Rxg3 18. hxg3 Be8 19. a4 a6 20. Na7+
Nxa7 21. Rxe5 Qc3 22. Ree1 Nc6 23. Rab1 Ne5 24. Re3 Ng4 25. Rxe6 Bd7 26. Re2
Qf6 27. Qh4 Qg7 28. Bxa6 bxa6 29. Rb8+ Kxb8 30. Qxd8+ Bc8 31. Qd6+ Ka8 32. Qc6+
Kb8 33. Qd6+ Ka8 34. Qxd5+ Kb8 35. Qd6+ Ka8 36. Qc6+ Kb8 37. Qd6+ Ka8 38. Qc6+
Kb8 39. c3 f5 40. Rb2+ Bb7 41. f3 1-0

[Event "FRA-ch"]
[Site "?"]
[Date "1994.??.??"]
[Round "?"]
[White "Koch, Jean Rene"]
[Black "Sharif, Mershad"]
[Result "1/2-1/2"]
[WhiteElo "2475"]
[BlackElo "2455"]
[PlyCount "34"]
[EventDate "1994.08.??"]
[Source "ChessBase"]
[SourceDate "1996.11.15"]

1. e4 e6 2. d4 d5 3. Nc3 Nf6 4. Bg5 dxe4 5. Nxe4 Be7 6. Bxf6 Bxf6 7. Nf3 O-O 8.
Qd3 Nd7 9. O-O-O b6 10. Qe3 Bb7 11. Ne5 Be7 12. Bb5 Nf6 13. Nxf6+ Bxf6 14. Nd7
a6 15. Nxf6+ Qxf6 16. Bf1 Rfd8 17. c3 Rac8 1/2-1/2

[Event "FRA-ch"]
[Site "?"]
[Date "1994.??.??"]
[Round "?"]
[White "Prie, Eric"]
[Black "Anic, Darko"]
[Result "1/2-1/2"]
[WhiteElo "2475"]
[BlackElo "2445"]
[PlyCount "78"]
[EventDate "1994.08.??"]
[Source "ChessBase"]
[SourceDate "1996.11.15"]

1. e4 c6 2. d4 d5 3. Nc3 dxe4 4. Nxe4 Nf6 5. Nxf6+ gxf6 6. Qd3 Qb6 7. c3 e5 8.
Nf3 Be6 9. dxe5 Nd7 10. Nd4 Nxe5 11. Qc2 O-O-O 12. Nxe6 fxe6 13. Be2 h5 14. O-O
Bh6 15. Bxh6 Rxh6 16. Rad1 Rg8 17. Qb3 Qxb3 18. axb3 Rhg6 19. g3 h4 20. f4 Nd7
21. g4 f5 22. h3 fxg4 23. hxg4 Nf6 24. g5 Nd5 25. Rde1 Kc7 26. Kh2 Rf8 27. Bd3
Rg7 28. Rxe6 Rxf4 29. c4 Rxf1 30. Bxf1 Nf4 31. Rf6 Nh5 32. Rf8 Rxg5 33. Kh3 Re5
34. Rf7+ Kb6 35. Bg2 Re2 36. Bf3 Rxb2 37. Kxh4 a5 38. c5+ Kxc5 39. Rxb7 Nf6
1/2-1/2

[Event "FRA-ch"]
[Site "?"]
[Date "1994.??.??"]
[Round "?"]
[White "Prie, Eric"]
[Black "Chabanon, Jean Luc"]
[Result "1-0"]
[WhiteElo "2475"]
[BlackElo "2475"]
[PlyCount "67"]
[EventDate "1994.08.??"]
[Source "ChessBase"]
[SourceDate "1996.11.15"]

1. e4 Nf6 2. e5 Nd5 3. d4 d6 4. Nf3 c6 5. Be2 dxe5 6. Nxe5 Nd7 7. c4 Nc7 8. Nf3
g6 9. b3 Bg7 10. Bb2 c5 11. O-O O-O 12. Qd2 cxd4 13. Nxd4 e5 14. Nc2 Nc5 15.
Rd1 Qe7 16. Nc3 Be6 17. Ne3 Rfd8 18. Qc2 N5a6 19. a3 f5 20. b4 Qf7 21. Rxd8+
Rxd8 22. Rd1 Rxd1+ 23. Qxd1 Qd7 24. Qxd7 Bxd7 25. c5 e4 26. Nc4 Nb8 27. Nd1 Nb5
28. Ne5 Be8 29. Bc4+ Kf8 30. a4 Nc7 31. b5 Bf6 32. Nxg6+ Kg7 33. Ne7 Bh5 34.
Nxf5+ 1-0

[Event "FRA-ch"]
[Site "?"]
[Date "1994.??.??"]
[Round "?"]
[White "Prie, Eric"]
[Black "Chomet, Pascal"]
[Result "0-1"]
[WhiteElo "2475"]
[BlackElo "2355"]
[PlyCount "68"]
[EventDate "1994.08.??"]
[Source "ChessBase"]
[SourceDate "1996.11.15"]

1. e4 e5 2. Nf3 Nf6 3. d4 Nxe4 4. Bd3 Nc6 5. Bxe4 d5 6. Nxe5 dxe4 7. Nxc6 bxc6
8. O-O f5 9. f3 exf3 10. Qxf3 Qxd4+ 11. Kh1 Qd5 12. Qg3 Qf7 13. Qc3 Qf6 14.
Re1+ Kf7 15. Qc4+ Be6 16. Qxc6 Bd6 17. Nd2 Rhe8 18. Nf3 Kg8 19. Be3 Bf7 20. Bd4
Qh6 21. Be5 Rad8 22. Rad1 Bxe5 23. Qxh6 gxh6 24. Rxd8 Rxd8 25. Rxe5 Rd1+ 26.
Ne1 Kg7 27. g3 Kf6 28. Re3 Bxa2 29. Kg1 Bd5 30. Kf2 Be4 31. Ke2 Rd8 32. Ra3 c6
33. h4 Ke5 34. Nd3+ Kd4 0-1

[Event "FRA-ch"]
[Site "?"]
[Date "1994.??.??"]
[Round "?"]
[White "Prie, Eric"]
[Black "Hauchard, Arnaud"]
[Result "1-0"]
[WhiteElo "2475"]
[BlackElo "2470"]
[PlyCount "75"]
[EventDate "1994.08.??"]
[Source "ChessBase"]
[SourceDate "1996.11.15"]

1. e4 c6 2. Nc3 d5 3. Nf3 Bg4 4. h3 Bxf3 5. Qxf3 e6 6. d3 Nf6 7. a3 Nbd7 8. g3
Bc5 9. Bg2 O-O 10. O-O a5 11. Qd1 Bd4 12. Bd2 Qb8 13. Kh1 Qa7 14. Qe1 dxe4 15.
dxe4 Nb6 16. Rb1 Nc4 17. Bc1 a4 18. Ne2 Bc5 19. Nf4 e5 20. Nd3 Bd4 21. Qe2 Rfe8
22. Nb4 Nd6 23. Bg5 Re6 24. c3 Bb6 25. Rbd1 h6 26. Bxf6 Rxf6 27. f4 exf4 28.
gxf4 Re8 29. e5 Rfe6 30. Qd3 Nb5 31. Qf5 Qb8 32. Be4 g6 33. Qg4 h5 34. Qg2 R6e7
35. Bc2 Kg7 36. Bxa4 f6 37. exf6+ Kxf6 38. Bxb5 1-0

[Event "FRA-ch"]
[Site "?"]
[Date "1994.??.??"]
[Round "?"]
[White "Prie, Eric"]
[Black "Roos, Jean Luc"]
[Result "1-0"]
[WhiteElo "2475"]
[BlackElo "2405"]
[PlyCount "121"]
[EventDate "1994.08.??"]
[Source "ChessBase"]
[SourceDate "1996.11.15"]

1. e4 e6 2. d4 d5 3. e5 c5 4. c3 Nc6 5. Nf3 Qb6 6. a3 c4 7. Nbd2 f6 8. Be2 fxe5
9. Nxe5 Nxe5 10. dxe5 Bc5 11. O-O Nh6 12. b4 cxb3 13. Nxb3 Nf5 14. a4 Be7 15.
Bb5+ Kf7 16. Nd4 Rd8 17. Bd3 Kg8 18. Bxf5 exf5 19. Ba3 Re8 20. Re1 Be6 21. Qd3
Bxa3 22. Rxa3 Qc5 23. Rb3 b6 24. Nxe6 Rxe6 25. Rb5 Qc4 26. Qxf5 Rae8 27. g3
Qxc3 28. Re3 Qc1+ 29. Kg2 Qc6 30. f4 d4+ 31. Rf3 a6 32. Rbb3 Qxa4 33. Qd3 b5
34. Rf2 Qc4 35. Rd2 Qd5+ 36. Qf3 Qc4 37. Rbd3 Rd8 38. Rxd4 Rxd4 39. Qa8+ Kf7
40. Qa7+ Re7 41. Qxd4 Qxd4 42. Rxd4 a5 43. Rd6 Ra7 44. Rb6 a4 45. Rxb5 a3 46.
Rb1 a2 47. Ra1 Ke6 48. Kf3 Kd5 49. Kg4 Ke6 50. Kf3 Kd5 51. Ke3 Kc4 52. Ke4 Kb3
53. Kd5 Kb2 54. Rxa2+ Rxa2 55. e6 Kc3 56. e7 Ra8 57. Ke6 Kd4 58. Kf7 Ke4 59.
Kxg7 Kf5 60. Kf7 h5 61. h4 1-0

[Event "FRA-ch"]
[Site "?"]
[Date "1994.??.??"]
[Round "?"]
[White "Prie, Eric"]
[Black "Roos, Louis"]
[Result "1-0"]
[WhiteElo "2475"]
[BlackElo "2440"]
[PlyCount "127"]
[EventDate "1994.08.??"]
[Source "ChessBase"]
[SourceDate "1996.11.15"]

1. e4 e6 2. d4 d5 3. e5 c5 4. c3 Nc6 5. Nf3 Qb6 6. a3 c4 7. Nbd2 Na5 8. Be2 Bd7
9. O-O h6 10. Rb1 Ne7 11. Re1 Rc8 12. h4 g6 13. Nf1 Nf5 14. g4 Ng7 15. Ng3 Qb3
16. Be3 Qxd1 17. Bxd1 Be7 18. h5 Kd8 19. hxg6 fxg6 20. Kg2 h5 21. Rh1 Kc7 22.
Nh4 Bxh4 23. Rxh4 hxg4 24. Rxg4 Nf5 25. Bg5 Be8 26. Bc2 Bf7 27. Ne2 Nc6 28. Nf4
Kd7 29. Rg1 b5 30. Bf6 Rh6 31. Rh1 Rxh1 32. Kxh1 Rg8 33. Rg2 Nce7 34. Rh2 g5
35. Rh7 Ke8 36. Nh3 g4 37. Bxf5 Nxf5 38. Ng5 Rf8 39. Kh2 a5 40. Kg2 b4 41. axb4
axb4 42. cxb4 Nxd4 43. Kg3 Nb5 44. Kxg4 d4 45. Kf4 c3 46. bxc3 dxc3 47. Ke3 Nc7
48. Ne4 Nd5+ 49. Ke2 Kd7 50. b5 Kc7 51. Ng5 Kb6 52. Nxf7 Kxb5 53. Nd6+ Kc6 54.
Ne4 Ra8 55. Rh1 Ra4 56. f3 Ra2+ 57. Kd3 c2 58. Rc1 Ra3+ 59. Ke2 Nf4+ 60. Kd2
Rxf3 61. Rxc2+ Kd5 62. Nc3+ Kc4 63. Ne2+ Kb3 64. Nxf4 1-0

[Event "FRA-ch"]
[Site "?"]
[Date "1994.??.??"]
[Round "?"]
[White "Prie, Eric"]
[Black "Santo Roman, Marc"]
[Result "0-1"]
[WhiteElo "2475"]
[BlackElo "2420"]
[PlyCount "72"]
[EventDate "1994.08.??"]
[Source "ChessBase"]
[SourceDate "1996.11.15"]

1. e4 c5 2. Nf3 d6 3. Bb5+ Nd7 4. d4 Ngf6 5. Nc3 a6 6. Bxd7+ Nxd7 7. d5 g6 8.
Bf4 Bg7 9. Qd2 h6 10. O-O g5 11. Bg3 O-O 12. h4 f6 13. Nd1 Qe8 14. Ne3 Ne5 15.
Bxe5 fxe5 16. hxg5 Qh5 17. Qd1 Rf4 18. gxh6 Bxh6 19. Nd2 Qg5 20. Qe2 Bd7 21.
Rae1 Raf8 22. f3 Rh4 23. g4 Rh3 24. Qf2 Qf4 25. Re2 Bg5 26. Rd1 Rf7 27. Nef1
Rfh7 28. Qg2 R7h4 29. Rf2 Qf6 30. Ng3 Be3 31. Ndf1 Qf4 32. Rd3 Bxf2+ 33. Qxf2
Bb5 34. Qg2 Bxd3 35. cxd3 Qc1 36. Qf2 Rh2 0-1

[Event "FRA-ch"]
[Site "?"]
[Date "1994.??.??"]
[Round "?"]
[White "Prie, Eric"]
[Black "Vareille, Francois"]
[Result "1/2-1/2"]
[WhiteElo "2475"]
[BlackElo "2430"]
[PlyCount "81"]
[EventDate "1994.08.??"]
[Source "ChessBase"]
[SourceDate "1996.11.15"]

1. e4 e6 2. d4 d5 3. Nd2 Nf6 4. e5 Nfd7 5. f4 c5 6. c3 Nc6 7. Ndf3 Qb6 8. h4
cxd4 9. cxd4 a5 10. a3 h5 11. Ne2 f5 12. Nc3 Ndb8 13. Na4 Qa7 14. Be3 Nd8 15.
Rc1 Nbc6 16. Qb3 Be7 17. Nb6 Rb8 18. Be2 Nf7 19. Ng5 Bxg5 20. hxg5 g6 21. Qb5
O-O 22. Bxh5 gxh5 23. Qe2 Kg7 24. g6 Qxb6 25. gxf7 Rh8 26. f8=Q+ Kxf8 27. Rxh5
Rxh5 28. Qxh5 Ke7 29. Qg5+ Kd7 30. Qg7+ Ne7 31. b4 axb4 32. Bf2 bxa3 33. Bh4
Qb4+ 34. Kf1 Ra8 35. Bxe7 Qxe7 36. Rc7+ Kxc7 37. Qxe7+ Bd7 38. Qd6+ Kd8 39.
Qf8+ Be8 40. Qd6+ Bd7 41. Qf8+ 1/2-1/2

[Event "FRA-ch"]
[Site "?"]
[Date "1994.??.??"]
[Round "?"]
[White "Relange, Eloi"]
[Black "Anic, Darko"]
[Result "1/2-1/2"]
[WhiteElo "2445"]
[BlackElo "2445"]
[PlyCount "83"]
[EventDate "1994.08.??"]
[Source "ChessBase"]
[SourceDate "1996.11.15"]

1. e4 c6 2. d4 d5 3. Nd2 dxe4 4. Nxe4 Nf6 5. Nxf6+ gxf6 6. c3 Bf5 7. Nf3 Nd7 8.
g3 Qb6 9. a4 a5 10. Nd2 Qc7 11. Qf3 Bg6 12. Bg2 h5 13. h4 Bh6 14. O-O Kf8 15.
Nc4 Bxc1 16. Raxc1 e6 17. Ne3 Kg7 18. Qe2 Nb6 19. b3 Nd5 20. c4 Nxe3 21. Qxe3
Rhe8 22. Bf3 Rad8 23. Rfd1 e5 24. d5 e4 25. Bg2 c5 26. Re1 b6 27. Qf4 Qe5 28.
Re3 Qxf4 29. gxf4 f5 30. Rce1 Kf8 31. Bh3 Kg7 32. f3 Kf6 33. Bg2 Re7 34. Bh3
Rde8 35. d6 Re6 36. fxe4 Rxe4 37. Rxe4 fxe4 38. f5 Bh7 39. Rd1 e3 40. d7 Rg8+
41. Kf1 Ke7 42. d8=Q+ 1/2-1/2

[Event "FRA-ch"]
[Site "?"]
[Date "1994.??.??"]
[Round "?"]
[White "Relange, Eloi"]
[Black "Chabanon, Jean Luc"]
[Result "1/2-1/2"]
[WhiteElo "2445"]
[BlackElo "2475"]
[PlyCount "116"]
[EventDate "1994.08.??"]
[Source "ChessBase"]
[SourceDate "1996.11.15"]

1. e4 d6 2. d4 Nf6 3. Nc3 g6 4. f4 Bg7 5. Nf3 c5 6. Bb5+ Bd7 7. e5 Ng4 8. Bxd7+
Qxd7 9. d5 dxe5 10. h3 e4 11. hxg4 exf3 12. Qxf3 Na6 13. Bd2 Nb4 14. O-O-O
O-O-O 15. Ne4 Nxd5 16. c4 Nf6 17. Nxf6 Bxf6 18. Ba5 Qa4 19. Rxd8+ Rxd8 20. Bxd8
Qxa2 21. Qa3 Qxc4+ 22. Kb1 Kxd8 23. Qxa7 Qe4+ 24. Ka2 Qd5+ 25. Kb1 Qe4+ 26. Ka2
Qxg2 27. Qb6+ Ke8 28. Rxh7 Qd5+ 29. Ka1 Qd1+ 30. Ka2 Qa4+ 31. Kb1 Qe4+ 32. Ka1
Qa4+ 33. Kb1 Qe4+ 34. Ka1 g5 35. f5 Qa4+ 36. Kb1 Qd1+ 37. Ka2 Qa4+ 38. Kb1 Qxg4
39. Qxc5 Qd1+ 40. Ka2 Qa4+ 41. Kb1 Qe4+ 42. Qc2 Qxc2+ 43. Kxc2 g4 44. Rh2 g3
45. Rg2 Be5 46. Kd3 f6 47. Ke4 Kd7 48. Kd5 Kc7 49. b4 Kb6 50. Kc4 Kc6 51. b5+
Kd7 52. Kd5 b6 53. Ra2 Bd6 54. Ra8 Bf4 55. Ra7+ Kd8 56. Ra2 Kd7 57. Re2 Bd6 58.
Re4 Bc7 1/2-1/2

[Event "FRA-ch"]
[Site "?"]
[Date "1994.??.??"]
[Round "?"]
[White "Relange, Eloi"]
[Black "Hauchard, Arnaud"]
[Result "1/2-1/2"]
[WhiteElo "2445"]
[BlackElo "2470"]
[PlyCount "41"]
[EventDate "1994.08.??"]
[Source "ChessBase"]
[SourceDate "1996.11.15"]

1. d4 Nf6 2. c4 e6 3. Nc3 Bb4 4. Qc2 c5 5. dxc5 O-O 6. Nf3 Na6 7. g3 Qa5 8. Bg2
Nxc5 9. Bd2 d5 10. cxd5 Nxd5 11. Nxd5 exd5 12. O-O Bxd2 13. Qxd2 Qxd2 14. Nxd2
Bg4 15. Nf3 Rfe8 16. Rac1 Rac8 17. Nd4 Ne6 18. e3 Nxd4 19. exd4 Be6 20. Rfe1
Kf8 21. h4 1/2-1/2

[Event "FRA-ch"]
[Site "?"]
[Date "1994.??.??"]
[Round "?"]
[White "Relange, Eloi"]
[Black "Roos, Jean Luc"]
[Result "1-0"]
[WhiteElo "2445"]
[BlackElo "2405"]
[PlyCount "73"]
[EventDate "1994.08.??"]
[Source "ChessBase"]
[SourceDate "1996.11.15"]

1. d4 e6 2. c4 f5 3. Nf3 Nf6 4. g3 Be7 5. Bg2 O-O 6. O-O d6 7. b3 a5 8. Bb2 c6
9. Qc2 Na6 10. Nbd2 Bd7 11. a3 b5 12. e4 fxe4 13. Nxe4 Nxe4 14. Qxe4 bxc4 15.
bxc4 Rb8 16. Bc3 Bf6 17. Rfd1 a4 18. Rac1 c5 19. d5 Bxc3 20. dxe6 Qf6 21. exd7
Bb2 22. Rb1 Bxa3 23. Ra1 Bb2 24. Qd5+ Kh8 25. Rxa4 Rb6 26. Qh5 g6 27. Qh6 Rd8
28. Re1 Be5 29. Nxe5 dxe5 30. Bh3 Nb8 31. Ra8 Rb2 32. Qe3 Kg8 33. Qxc5 Rd2 34.
Qe3 Rc2 35. c5 Kf8 36. Rd1 Qc6 37. Rxb8 1-0